Matemática para Iñaki /
Quien abra este libro quizá no creerá que se trata de uno de divulgación: verá que hay ejercicios y problemas, y encontrará que todo lo que se afirma va acompañado de una demostración. No hay duda, en cambio, de que se trata de un libro que invita al lector a adentrarse en el pensamiento matemático...
Guardado en:
| Autor Principal: | |
|---|---|
| Formato: | Libro |
| Idioma: | Undetermined |
| Publicado: |
Buenos Aires :
Fondo de cultura económica,
2017.
|
| Edición: | 1era ed. |
| Series: | La ciencia para todos
|
| Materias: | |
| Etiquetas: |
Agregar Etiqueta
Sin Etiquetas, Sea el primero en etiquetar este registro!
|
| LEADER | 01515nam a22002175a 4500 | ||
|---|---|---|---|
| 001 | CEM.cems025216 | ||
| 008 | 260612s2017####ag############000#0#und#d | ||
| 005 | 20260612114927.0 | ||
| 245 | 1 | 0 | |a Matemática para Iñaki / |c Ignacio Zalduendo. |
| 250 | |a 1era ed. | ||
| 260 | |a Buenos Aires : |b Fondo de cultura económica, |c 2017. | ||
| 300 | |a 255 p. : |b gráficos ; |c 23 cm. | ||
| 490 | 1 | |a La ciencia para todos | |
| 500 | |a Matemática. | ||
| 520 | |a Quien abra este libro quizá no creerá que se trata de uno de divulgación: verá que hay ejercicios y problemas, y encontrará que todo lo que se afirma va acompañado de una demostración. No hay duda, en cambio, de que se trata de un libro que invita al lector a adentrarse en el pensamiento matemático a través de sus conceptos más elementales, aquello que conforman la base firme de la edificación matemática: los números naturales y la aritmética; el punto y la recta; los ángulos, las funciones circulares y las ecuaciones; las permutaciones y la probabilidad. Ignacio Zalduendo escribió este libro para Iñaki y para todo aquel que aun tiene viva su curiosidad, disfruta de los desafíos y encuentra placer en el descubrimiento que llega después de pasar un rato pensando con lápiz y papel en mano. En esto se resume, a fin de cuentas, la matemática. | ||
| 020 | |a 9786071642653 | ||
| 100 | 1 | |a Zalduendo, Ignacio, |d 2017. | |
| 082 | 0 | 4 | |a 508.02 |
| 653 | |a Matemática | ||
| 653 | |a Ciencia | ||
| 859 | |a CEMS |b BIB. CEMS - Agricultura |h 508.02 |i Z141 |p A4190.26 |t Ej.1 | ||
